|
|
|
|
| LEADER |
00000nab a2200000uu 4500 |
| 001 |
vtls011454146 |
| 003 |
SK-MaSNL |
| 005 |
20260305003611.0 |
| 008 |
230121|1965 xo |||||||||||||||||cze| |
| 015 |
|
|
|a SNBRB
|
| 035 |
|
|
|a (urnnbn)urn:nbn:sk:snk:ar-0085qt
|
| 035 |
|
|
|a (uuid)8d6204b0-186e-4acd-bbdb-d6aebe7c98d3
|
| 035 |
|
|
|a urn:nbn:sk:snk-abcphl
|
| 040 |
|
|
|a SNKBUCL
|b slo
|c SNKBUCL
|e AACR2
|
| 041 |
0 |
|
|a cze
|
| 044 |
|
|
|a xo
|c SK
|
| 100 |
1 |
|
|a Jeřábek, V.
|4 aut
|9 1125414
|
| 245 |
1 |
0 |
|a K PROBLEMATICE ZVYŠOVÁNÍ NÁROKŮ NA LÉKÁRENSKOU SLUŽBU A STANOVENÍ POTŘEBY PRACOVNÍKŮ V LÉKÁRENSKÉ SLUŽBĚ SEVEROMORAVSKÉHO KRAJE
|c V. Jeřábek, M. Kubalcová, J. Solich
|
| 700 |
1 |
|
|a Kubalcová, M.
|4 aut
|9 799139
|
| 700 |
1 |
|
|a Solich, Jan,
|d 1928-2018
|4 aut
|9 39365
|
| 773 |
0 |
|
|t Farmaceutický obzor : odborný časopis Ministerstva zdravotníctva Slovenskej republiky a Slovenskej zdravotníckej univerzity v Bratislave
|g Roč. 34, č. 7 (1965), s. 313-319
|
| 954 |
|
|
|a odborná, vedecká literatúra cudzojazyčná (svetová)
|2 lita
|
| 958 |
|
|
|a OND
|
| 958 |
|
|
|a EUIPO
|
| 958 |
|
|
|a article16
|
| 999 |
|
|
|c 3231100
|d 3233030
|